Managing risk and opportunity : (Record no. 4617)

000 -LEADER
fixed length control field nam a22 a 4500
005 - DATE AND TIME OF LATEST TRANSACTION
control field 20170607092940.0
008 - FIXED-LENGTH DATA ELEMENTS--GENERAL INFORMATION
fixed length control field 170607s2014 enk||||| |||| 00| 0 eng d
020 ## - INTERNATIONAL STANDARD BOOK NUMBER
International Standard Book Number 9780199687855
Terms of availability RM 261.40
040 ## - CATALOGING SOURCE
Original cataloging agency AKMAL
082 ## - DEWEY DECIMAL CLASSIFICATION NUMBER
Classification number 338.5 AGR
090 ## - LOCALLY ASSIGNED LC-TYPE CALL NUMBER (OCLC); LOCAL CALL NUMBER (RLIN)
Classification number (OCLC) (R) ; Classification number, CALL (RLIN) (NR) 338.5
Local cutter number (OCLC) ; Book number/undivided call number, CALL (RLIN) AGR
100 1# - MAIN ENTRY--PERSONAL NAME
Personal name Andersen, Torben Juul,
9 (RLIN) 8893
245 10 - TITLE STATEMENT
Title Managing risk and opportunity :
Remainder of title the governance of strategic risk-taking /
Statement of responsibility, etc. Torben Juul Andersen, Maxine Garvey, Oliviero Roggi.
264 #1 - PRODUCTION, PUBLICATION, DISTRIBUTION, MANUFACTURE, AND COPYRIGHT NOTICE
Place of production, publication, distribution, manufacture Oxford :
Name of producer, publisher, distributor, manufacturer Oxford University Press,
Date of production, publication, distribution, manufacture, or copyright notice 2014.
-- ©2014
300 ## - PHYSICAL DESCRIPTION
Extent xii, 187 pages :
Other physical details illustrations ;
Dimensions 23cm
500 ## - GENERAL NOTE
General note Formerly CIP. |5 Uk
504 ## - BIBLIOGRAPHY, ETC. NOTE
Bibliography, etc. note Includes bibliographical references (pages 177-183) and index.
650 #0 - SUBJECT ADDED ENTRY--TOPICAL TERM
Topical term or geographic name entry element Risk management.
9 (RLIN) 1107
700 1# - ADDED ENTRY--PERSONAL NAME
Personal name Garvey, Maxine L.,
Relator term author.
9 (RLIN) 8894
700 1# - ADDED ENTRY--PERSONAL NAME
Personal name Roggi, Oliviero,
Relator term author.
9 (RLIN) 8895
942 ## - ADDED ENTRY ELEMENTS (KOHA)
Source of classification or shelving scheme
Koha item type Book
Holdings
Withdrawn status Lost status Source of classification or shelving scheme Damaged status Not for loan Collection code Home library Current library Shelving location Date acquired Inventory number Total Checkouts Full call number Barcode Date last seen Price effective from Koha item type
          NON-FICTION AKMAL Melaka AKMAL Melaka PINJAMAN 07.06.2017 307013   338.5 AGR 201707349 07.06.2017 07.06.2017 Book
Pusat Sumber Maklumat Dato' Haji Sarmin Md Hussin, Akademi Kastam Diraja Malaysia, Melaka
Tel: 06-2331106 | Faks: 06-2313787